العدول فى المأثورات النثرية القديمة : (رقم التسجيلة. 69261)
[ عرض عادي ]
| 000 -LEADER | |
|---|---|
| fixed length control field | 02872cam a2200313 a 4500 |
| 003 - CONTROL NUMBER IDENTIFIER | |
| control field | EG-GiCUC |
| 005 - DATE AND TIME OF LATEST TRANSACTION | |
| control field | 20250223032139.0 |
| 008 - FIXED-LENGTH DATA ELEMENTS--GENERAL INFORMATION | |
| fixed length control field | 181225s2018 ua f m 000 0 ara d |
| 040 ## - CATALOGING SOURCE | |
| Original cataloging agency | EG-GiCUC |
| Language of cataloging | ara |
| Transcribing agency | EG-GiCUC |
| 041 0# - LANGUAGE CODE | |
| Language code of text/sound track or separate title | ara |
| 049 ## - LOCAL HOLDINGS (OCLC) | |
| Holding library | ايداع |
| 097 ## - Thesis Degree | |
| Thesis Level | ماجستير |
| 099 ## - LOCAL FREE-TEXT CALL NUMBER (OCLC) | |
| Classification number | Cai01.06.07.M.Sc.2018.كر.ع |
| 100 0# - MAIN ENTRY--PERSONAL NAME | |
| Personal name | كريمة سعد الله عبدالجواد عمر |
| 245 12 - TITLE STATEMENT | |
| Title | العدول فى المأثورات النثرية القديمة : |
| Remainder of title | بنيةً و تركيبًا / |
| Statement of responsibility, etc. | كريمة سعد الله عبدالجواد عمر ؛ إشراف مصطفى أحمد عبدالعليم |
| 260 ## - PUBLICATION, DISTRIBUTION, ETC. | |
| Place of publication, distribution, etc. | القاهرة : |
| Name of publisher, distributor, etc. | كريمة سعد الله عبدالجواد عمر : |
| Date of publication, distribution, etc. | 2018 |
| 300 ## - PHYSICAL DESCRIPTION | |
| Extent | 270 ورقة ؛ |
| Dimensions | 30سم |
| 502 ## - DISSERTATION NOTE | |
| Dissertation note | اطروحة (ماجستير) - جامعة القاهرة - كلية دار العلوم - قسم النحو و الصرف و العروض |
| 520 ## - SUMMARY, ETC. | |
| Summary, etc. | جاءت هذه الدراسة فى المأثورات النثرية تحت عنوان العدول فى المأثورات النثرية القديمة بنيةً و تركيبًا" و شملت: (الأقوال المأثورة :الخطب:الرسائل: الأمثال) بالبحث فى بنيتها النحوية من (تقديم و تأخير: و حذف) : و البنية الصرفية (التذكير و التأنيث: و الإفراد و التثنية و الجمع: و التعريف و التنكير و الأصوات). و تم اختيار المنهج الوصفى التحليلى الذى يدرس الظاهرة و يقف على أسباب ظهور نمط العدول. و هذه الدراسة جاءت مكملة لدراساتٍ سابقة لها. أهم النتائج التطبيقية التى تم التوصل إليها: تتفق كتب النحو و الصرف و التفسير و البلاغة على دلالة واحدة لمادة (عدل) و هى: التحول و الانصراف عن الشىء و تركه إلى غيره. و العدول فى اللغة سمة أسلوبية يتميز بها البليغ من القول: و قد ظهرت بكثرة فى المأثورات النثرية بشكل واضح: و كذلك بأشكاله و صوره المتنوعة. العدول فى اللغة لا يكون عبثًا: و إنما لغاية و دلالة بينة: خاصة فى المستوى الفنى: فلا يحدث القصد إلا من خلال مجىء التركيب على ما جاء به من أشكال العدول |
| 530 ## - ADDITIONAL PHYSICAL FORM AVAILABLE NOTE | |
| Additional physical form available note | صدر ايضا كقرص مدمج |
| 653 #4 - INDEX TERM--UNCONTROLLED | |
| Uncontrolled term | الأقوال المأثورة |
| 653 #4 - INDEX TERM--UNCONTROLLED | |
| Uncontrolled term | العدول |
| 653 #4 - INDEX TERM--UNCONTROLLED | |
| Uncontrolled term | المأثورات |
| 700 0# - ADDED ENTRY--PERSONAL NAME | |
| Personal name | مصطفى أحمد عبدالعليم : |
| Relator term | |
| 856 ## - ELECTRONIC LOCATION AND ACCESS | |
| Uniform Resource Identifier | <a href="http://172.23.153.220/th.pdf">http://172.23.153.220/th.pdf</a> |
| 905 ## - LOCAL DATA ELEMENT E, LDE (RLIN) | |
| Cataloger | Nazla |
| Reviser | Revisor |
| 905 ## - LOCAL DATA ELEMENT E, LDE (RLIN) | |
| Cataloger | Samia |
| Reviser | Cataloger |
| 942 ## - ADDED ENTRY ELEMENTS (KOHA) | |
| Source of classification or shelving scheme | Dewey Decimal Classification |
| Koha item type | Thesis |
| Source of classification or shelving scheme | Not for loan | Home library | Current library | Date acquired | Full call number | Barcode | Date last seen | Koha item type | Copy number |
|---|---|---|---|---|---|---|---|---|---|
| Dewey Decimal Classification | المكتبة المركزبة الجديدة - جامعة القاهرة | قاعة الرسائل الجامعية - الدور الاول | 11.02.2024 | Cai01.06.07.M.Sc.2018.كر.ع | 01010100025391000 | 22.09.2023 | Thesis | ||
| Dewey Decimal Classification | المكتبة المركزبة الجديدة - جامعة القاهرة | مخـــزن الرســائل الجـــامعية - البدروم | 11.02.2024 | Cai01.06.07.M.Sc.2018.كر.ع | 01020100025391000 | 22.09.2023 | CD - Rom | 25391.CD |